000 00518nam a2200193Ia 4500
005 20260429112028.0
008 260429s9999||||xx |||||||||||||| ||und||
020 _a9783031887390
041 _aEnglish
082 _a339
_bFER
100 _aFerraris, Leo
245 0 _aMacroeconomic theory :
_ba primer /
_cLeo Ferraris
260 _aSwitzerland :
_bSpringer,
_c2025.
300 _axiv, 264 p.; hb
440 _aClassroom companion: economics
650 _a Macroeconomics
650 _aEconomics
942 _cTB
999 _c51977
_d51977